Matematické a statistické základy pojistné techniky pojištění životní

Gespeichert in:
Bibliographische Detailangaben
Format: Buch
Sprache:Tschechisch
Veröffentlicht: Bratislava Knižnica poisťovne Slovan 1948
Tags: Tag hinzufügen
Keine Tags, Fügen Sie das erste Tag hinzu!

MARC

LEADER 00000nam a2200000 4500
001 0267674
005 20240822101709.5
041 0 |a cze 
044 |a CZ 
245 1 0 |a Matematické a statistické základy pojistné techniky  |b pojištění životní  |c Jaroslav Janko 
264 1 |a Bratislava  |b Knižnica poisťovne Slovan  |c 1948